000 01524 a2200241 4500
001 29272
005 20260407155601.0
008 260407a1956 arg spa d
003 AR-UNSa-BCEJYS
040 _aAR-UNSa-BCEJYS
_bspa
_cAR-UNSa-BCEJYS
080 _a340
_xDerecho. Generalidades. Propedéutica. Métodos y ciencias auxiliares del derecho
245 1 0 _aIntroducción al derecho
_pnociones preliminares, teoría general, enciclopedia jurídica, historia de las ideas
250 _a5a. ed.
264 1 _aBuenos Aires :
_bEl Ateneo
_c1956
300 _a539 p.
_c23 cm.
505 _a1. El conocimiento científico y filosófico. Los objetos y su clasificación. Los objetos de cultura. La conducta y los valores - 2. Objeto y método del conocimiento jurídico - 3. Disciplinas que estudian el fenómeno jurídico - 4. Las normas jurídicas - 5. El comportamiento humano (conducta) y su regulación normativa: técnica y ética. Derecho y moral - 6. La valoración jurídica. La justicia - 7. Los conceptos fundamentales - 8. El ordenamiento jurídico - 9. Derecho subjetivo - 10. Las fuentes del derecho. La Ley - 11. Las fuentes del derecho en particular (cont.). La costumbre y la jurisprudencia - 12. El método jurídico y el problema de la interpretación - 13. Aplicación de la Ley en relación al territorio y al tiempo
041 _aspa
942 _cBK
590 _aniveau_biblio:m niveau_hierar:0
100 1 _aAftalion, Enrique R.
700 1 _aGarcía Olano, Fernando
700 1 _aVilanova, José
999 _c1824
_d1824